000 00410nam a2200169Ia 4500
008 231221s9999 xx 000 0 und d
020 _a9780000000000
041 _aEnglish
082 _a001.6424ANC BAL;1
100 _aBalagurusamy, E.
245 0 _aProgramming in Ansi C
250 _a3rd ed.
260 _c2004
_bTMH
_aNew Delhi
300 _axiv, 493
650 _aProgramming,Ansi,C
942 _cCC
999 _c231524
_d231524